000 00980nam a2200277 a 4500
001 000016160
005 20240412074245.0
008 100226s1997 xxu 001 j spa d
040 _aDO-SdBNP
_bspa
_cBNPHU
082 _aRD863.44
_bM516c
100 1 _aMejía, Miriam
_935183
245 1 0 _aCrisalida /
_cMiriam Mejía; prólogo Nita Adames, Graciela de la Cruz, Venecia Pineda, Ángela Hernández.
260 _aEstados Unidos :
_b[s. n.],
_c1997.
300 _a69 p. ;
_c22 cm.
490 1 _aUniverso
500 _aIncluye datos biográficos de la autora en la contracubierta.
590 _aInventariado, 2019/BT
650 0 _aCuentos dominicanos
_9176
650 0 _aLiteratura dominicana.
_967
700 1 _aAdames, Nita
_epról.
_936177
700 1 _aCruz, Graciela de la
_epról.
_92088
700 1 _aPineda, Venecia
_epról.
_936178
700 1 _aHernández, Ángela,
_d1954-
_epról.
_92564
830 0 _aUniverso
_99040
910 _aValidado. Control de calidad MMOLINA
999 _c15700
_d15700